Visual Memory Test - Random Cartoons HARD (24) - Statistics

General Stats
  • This quiz has been taken 3,036 times
  • The average score is 14 of 24
Answers on the Map
Answers color-coded by a green-red scale on the quiz's map according to % correct below.
 
Answer Stats
ANSWER % Correct
doctor
86%
santa
80%
hotel
79%
love
79%
frog
78%
mountain
77%
unicorn
77%
stop
73%
camel
72%
tiger
72%
window
71%
horse
68%
gorilla
67%
rainbow
67%
ladder
66%
monkey
66%
pig
65%
usa
65%
wizard
65%
dog
64%
ninja
64%
artist
63%
ax
62%
croc
62%
dice
62%
chef
61%
cow
61%
giraffe
61%
rose
61%
elephant
60%
snake
59%
bat
58%
cactus
57%
fish
57%
foot
57%
wave
57%
crown
56%
diamond
56%
key
56%
whale
56%
bed
55%
candle
55%
chair
55%
kangaroo
55%
sheep
55%
ladybug
54%
mouse
54%
mouth
54%
spider
54%
bandaid
53%
bike
53%
chicken
53%
duck
53%
peacock
53%
rabbit
53%
saw
53%
apple
52%
bee
52%
cherry
52%
flamingo
52%
lock
52%
plane
52%
scissors
52%
tree
52%
boomerang
51%
hand
51%
raccoon
51%
ear
50%
music
50%
balloon
49%
clap
49%
moon
49%
rocket
49%
carrot
48%
eyes
48%
grape
48%
pencil
48%
shark
48%
umbrella
48%
pumpkin
47%
boat
46%
mail
46%
penguin
46%
bell
45%
camera
45%
turtle
45%
bone
44%
bulb
44%
helicopter
44%
basketball
43%
snail
43%
corn
42%
phone
42%
No matching quizzes found
Score Distribution
Percent of People with Each Score
Percentile by Number Answered
Your Score History
You have not taken this quiz